000 01399nam a2200397 4500
001 97023064
005 20160815030359.0
008 980605s1998 nyua j 00011 eng
010 _a 97023064
020 _a0590738887
_c$14.75
035 _a323004
040 _aDLC
_cDLC
_dDLC
050 4 _aPZ7.M9535
_bWe 1998
082 1 4 _aFic
092 _aF Murphy
100 1 _aMurphy, Jim,
_d1947-
245 1 0 _aWest to a land of plenty :
_bthe diary of Teresa Angelino Viscardi /
_cby Jim Murphy.
260 _aNew York :
_bScholastic,
_c1998.
300 _a204 p. :
_bill. ;
_c18 cm.
440 0 _aDear America
510 3 _aAccelerated Reader
510 3 _aALA Booklist
510 3 _aBulletin of the Center for Children's Books
510 3 _aHorn Book
520 _aWhile traveling in 1883 with her Italian American family (including a meddlesome little sister) and other immigrant pioneers to a utopian community in Idaho, fourteen-year-old Teresa keeps a diary of her experiences along the way.
521 0 _a5.9
521 2 _a5-9
650 1 _aFrontier and pioneer life
_xFiction.
650 1 _aSisters
_xFiction.
650 1 _aItalian Americans
_xFiction.
650 1 _aDiaries
_xFiction.
650 7 _aFrontier and pioneer life
_xFiction
_2sears
650 7 _aSisters
_xFiction
_2sears
650 7 _aItalian Americans
_xFiction
_2sears
650 7 _aDiaries
_xFiction
_2sears
999 _c1320
_d1320